Five Most Populated Countries by Flag Color - Statistics

General Stats
  • This quiz has been taken 3,452 times
  • The average score is 16 of 25
Answer Stats
Color(s) Country % Correct
Red, Yellow China
99%
Red, White, Blue United States
97%
White, Blue, Green, Orange India
95%
Red, Blue Russia
91%
White, Blue, Green, Yellow Brazil
89%
Red, White Indonesia
85%
White Indonesia
85%
Orange Niger
85%
Green Nigeria
83%
White, Green Pakistan
82%
Red, Green Bangladesh
77%
Black Egypt
74%
Black Germany
72%
Black, Pan-African South Africa
71%
Blue, Yellow, Pan-African Ethiopia
64%
Yellow Vietnam
58%
Black Kenya
53%
Yellow Philippines
51%
Black Tanzania
50%
Orange Ivory Coast
42%
Pan-African Ghana
36%
Pan-African Cameroon
32%
Pan-African Mozambique
30%
Orange Zambia
24%
Orange Sri Lanka
18%
No matching quizzes found
Score Distribution
Percent of People with Each Score
Percentile by Number Answered
Your Score History
You have not taken this quiz